Pollock & Mulla The Indian Contract Act, 1872/ (Record no. 200727)
[ view plain ]
| 000 -LEADER | |
|---|---|
| fixed length control field | 00680nam a22001937a 4500 |
| 005 - DATE AND TIME OF LATEST TRANSACTION | |
| control field | 20240214114034.0 |
| 010 ## - LCCN (DPL NO) | |
| LC control number | ENG-139231 |
| 020 ## - INTERNATIONAL STANDARD BOOK NUMBER | |
| International Standard Book Number | 9789386515025 |
| Terms of availability | 2545.00 |
| 035 ## - SYSTEM CONTROL NUMBER | |
| System control number | EN-122763 |
| 037 ## - SOURCE OF ACQUISITION | |
| Source of stock number/acquisition | DBAD/PUB |
| 082 ## - DEWEY DECIMAL CLASSIFICATION NUMBER | |
| Classification number | 347.40954 |
| Edition number | 15 |
| 100 ## - MAIN ENTRY--PERSONAL NAME | |
| Personal name | Vardhan, R Yashod |
| 245 ## - TITLE STATEMENT | |
| Title | Pollock & Mulla The Indian Contract Act, 1872/ |
| Statement of responsibility, etc | By R Yashod Vardhan, |
| 250 ## - EDITION STATEMENT | |
| Edition statement | 15 |
| 260 ## - PUBLICATION, DISTRIBUTION, ETC. (IMPRINT) | |
| Name of publisher, distributor, etc | Lexis Nexis |
| Place of publication, distribution, etc | India |
| Date of publication, distribution, etc | 2018 |
| 270 ## - ADDRESS | |
| City | Gurgaon |
| Postal code | 122002 |
| Address | 14th Floor , Building No 10, Tower-B, DLF Cyber City, phase -ll |
| Telephone number | +91 124 4774444 |
| Fax number | +91 124 4774100 |
| Electronic mail address | help.in@lexisnexis.com |
| 300 ## - PHYSICAL DESCRIPTION | |
| Extent | cccli.1816p. |
| Dimensions | 25cm(hbk) |
| 942 ## - ADDED ENTRY ELEMENTS (KOHA) | |
| Source of classification or shelving scheme | Dewey Decimal Classification |
| Item type | English Books |
| Classification part | 347.40954 |
| Call number suffix | VAR |
| Edition | 15 |
| Withdrawn status | Lost status | Not for loan | Collection code | Home library | Current library | Date acquired | Source of acquisition | Cost, normal purchase price | Full call number | Barcode | Copy number | Cost, replacement price | Koha item type |
|---|---|---|---|---|---|---|---|---|---|---|---|---|---|
| Not For Loan | Non-fiction | Sarojini Nagar | Sarojini Nagar | 14/02/2024 | DBAD/PUB | 2545.00 | 347.40954 VAR | EN-122763 | 1 | 2545.00 | English Books |
